DreamWorks Movie Quiz - Shrek - Statistics

General Stats
  • This quiz has been taken 191 times
  • The average score is 14 of 18
Answer Stats
Hint Answer % Correct
Shrek's animal friend Donkey
99%
The princess Fiona
99%
Long nosed boy Pinocchio
97%
Where Shrek lives In a swamp
94%
Love interest of the above Dragon
90%
Action that breaks the curse True Love's {Kiss}
90%
Has gumdrop buttons Gingerbread Man
88%
Short tyrannical ruler Lord Farquaad
87%
Fill in the blank: "Ogres are like _____s" Onion
85%
Accent that Shrek has Scottish
76%
Song that plays at the beginning All Star
74%
Voice actor for #2 Eddie Murphy
72%
_____ _____ on the wall Magic Mirror
70%
Voice actor for Shrek Mike Myers
69%
Voice actress for #1 Cameron Diaz
66%
Band that recorded both songs Smash Mouth
64%
Song that plays at the end I'm a Believer
59%
Kingdom that evicts fairytale creatures Duloc
50%
No matching quizzes found
Score Distribution
Percent of People with Each Score
Percentile by Number Answered
Your Score History
You have not taken this quiz